Lokalizačné rozhodnutia ako súčasť marketingových a logistických stratégií
Zvýšenie trhového podielu spoločnosti vhodnou kombináciou marketingového mixu s dôrazom na význam vplyvu logistiky. Správna alokácia výrobného závodu. Faktory vplývajúce na rozhodovanie o alokácii podniku - rozptyl medzi dodávateľmi a trhmi, prepravné náklady, zelené iniciatívy. Najdôležitejšie tém...
Saved in:
| Main Author: | |
|---|---|
| Format: | Book Chapter |
| Language: | Slovak |
| Subjects: | |
| Tags: |
No Tags, Be the first to tag this record!
|
MARC
| LEADER | 00000naa$a2200000$$$4500 | ||
|---|---|---|---|
| 001 | 0122939 | ||
| 005 | 20240502072405.3 | ||
| 041 | 0 | |a slo | |
| 044 | |a SK | ||
| 245 | 1 | 0 | |a Lokalizačné rozhodnutia ako súčasť marketingových a logistických stratégií |c Lucia Furdová |
| 520 | |a Zvýšenie trhového podielu spoločnosti vhodnou kombináciou marketingového mixu s dôrazom na význam vplyvu logistiky. Správna alokácia výrobného závodu. Faktory vplývajúce na rozhodovanie o alokácii podniku - rozptyl medzi dodávateľmi a trhmi, prepravné náklady, zelené iniciatívy. Najdôležitejšie témy v logistike v súčasnosti. Ponímanie alokácie podniku v lokalizačných teóriách. | ||
| 610 | 2 | 0 | |a lokalizácia |
| 610 | 2 | 0 | |a firmy |
| 610 | 2 | 0 | |a marketing mix |
| 610 | 2 | 0 | |a logistika |
| 610 | 2 | 0 | |a trh |
| 610 | 2 | 0 | |a náklady dopravné |
| 610 | 2 | 0 | |a ekológia |
| 610 | 2 | 0 | |a logistika zelená |
| 610 | 2 | 0 | |a dodávatelia |
| 100 | 1 | |a Furdová, Lucia, 1984- | |